00239nam a2200085Ia 4500008004100000100001800041245004300059260004200102260000900144170620s9999 xx 000 0 und d aRather- A. R. 0aEssentials of Instructional Technology bNew Delhi- Discovery Publishing House c2005